000 00588nam a22002417a 4500
001 25888
003 UA-OsUOA
005 20220206154112.0
007 ta
008 20040429b un ||||| |||| 00| 0 ukr d
040 _aUA-OsUOA
_brus
_cUA-OsUOA
_dUA-OsUOA
041 _arus
044 _aRU
080 _a37.012
090 _a37.012
_bХ60
100 _aХлуп О.
245 _aИзбранные педагогические сочинения
260 _aМосква
_bПросвещение
_c1966
300 _a199 с.
650 7 _2UDC
942 _cBK
_2udc
955 _a0
999 _c312193
_d312193